000 00895cam a22002777a 4500
003 CHAP
005 20220329141405.0
008 971013s1987 r 00010 d
010 _a67403
011 _a68375
035 _a77847
040 _cCHAP
082 _a338.19
_bD5
110 _aDICONSA. México
_932482
245 0 _aModernización y bienestar social
_b: la experiencia de DICONSA
260 _aMéxico :
_bDICONSA,
_c1987
300 _a108 p.
_b: gráfs.
590 _aBATCH-UPD
_b10
_c20130110
_lUCH01
_h1948
590 _aBATCH-UPD
_b10
_c20130410
_lUCH01
_h1310
590 _aCONVERSION
_b10
_c20130109
_lUCH01
_h1337
650 1 4 _aAlimentos
_xAbastecimiento
_xMexico.
_94132
901 _aBK
942 _cLIBRO
949 _a338.19 D5
_bBC
_cLIBRO
_d33724000112264
_eLIBRO
_h73353
_i77847
_mD
_si
949 _a338.19 D5
_bBC
_cLIBRO
_d33724000819223
_eLIBRO
_fc.2
_gDonaciØn
_h101037
_i77847
_sb
999 _c67403
_d67403